000 00921nac a22002771i 4500
003 EG-ScBUE
005 20260105093940.0
008 260105t1965 nyua f b 001 0 eng d
035 _a(OCoLC)530883
040 _aEG-ScBUE
_beng
_erda
_cEG-ScBUE
_dEG-ScBUE
082 0 4 _a530.11
_bADL
_222
100 1 _aAdler, Ronald,
_eauthor.
245 1 0 _aIntroduction to general relativity /
_cRonald Adler, Maurice Bazin, Menahem Schiffer.
264 1 _aNew York :
_bMcGraw-Hill,
_c[1965]
264 4 _cc1965
300 _axv, 451 pages :
_billustrations ;
_c23 cm
336 _2rdacontent
_atext
_btxt
337 _aunmediated
_2rdamedia
_bn
338 _avolume
_bnc
_2rdacarrier
504 _aIncludes bibliographical references and index.
650 7 _aRelativity (Physics)
_2BUEsh
655 _vReading book
700 1 _aBazin, Maurice,
_eauthor.
700 1 _aSchiffer, Menahem,
_eauthor.
942 _cBB
_2ddc
999 _c6480
_d6480